| 000 | 01096nam a2200253Ia 4500 | ||
|---|---|---|---|
| 003 | OSt | ||
| 005 | 20250710102928.0 | ||
| 008 | 191128t1982 sp a jr 000 f spa d | ||
| 020 | _a8475152821 | ||
| 040 |
_aCO-JMCR _cCO-JMCR |
||
| 041 | _aspa | ||
| 082 | 1 | 4 |
_aJ-N _bDEFr |
| 100 | 1 |
_aDefoe, Daniel, _d1661-1731 _eautor _96762 |
|
| 245 | 1 | 0 |
_aRobinson Crusoe / _cDaniel Defoe; ilustraciones Giorgio Scarato |
| 260 |
_aToledo : _bMontena, _c©1982 |
||
| 300 |
_a120 páginas : _b ilustraciones a color ; _c 28 cm. |
||
| 490 | 0 | _aLa rosa de oro | |
| 500 | _aRecomendados para mayores de 10 años. | ||
| 505 | _aLa vocación fatal -- Esclavo d elos turcos -- Hacia la libertad -- Solo en una isla desierta -- Los primeros meses -- Con la ayuda de Dios -- Las riquezas de la isla -- Carpintero, agricultor, alfarero | ||
| 520 | _aPublicada en 1719, la historia de Robinson, exiliado en la soledad de una isla, y su travesía de supervivencia, es hoy un mito del hombre moderno. | ||
| 650 | 1 | 4 |
_aHistorias de aventuras _96763 |
| 700 |
_aScarato, Giorgio, _e ilustrador _96764 |
||
| 942 |
_2ddc _cBK |
||
| 999 |
_c3343 _d3343 |
||